Responses for Show #6054 - Thursday, December 30, 2010

Contestants

[<< previous game]

Matt Creamer, an editor from New York, New York

Whitney Manzo, a Ph.D. student in political science from Garland, Texas

Ellen Kimmel, a school nurse from Nanuet, New York (whose 1-day cash winnings total $25,600)

[next game >>]

Jeopardy! Round responses

THE 1990s
STUPID ANSWERS
I READ IT ON A BUMPER STICKER
BIRD-OLOGY
PORTUGUYS
"EH"?
    $200 4
Pakistan

Ellen
    $200 1
Fame

Ellen
    $200 17
shower

Whitney
    $200 26
poisonous (or venomous)

Matt
    $200 13
the pope

Whitney
    $200 9
a double header

Matt
    $400 25
O.J. Simpson

Ellen
    $400 2
Queen

Ellen
    $400 18
"The Hokey Pokey"

Ellen
    $400 27
warm blooded

Ellen
    $400 14
the Amazon

Ellen
    $400 11
Bethlehem

Ellen
    $600 10
a catechism

Ellen
    $600 3
Rio

Whitney
    $600 19
mind

Whitney
    $600 28
an eye

Whitney
    $600 22
Henry (the Navigator)

Ellen
    $600 12
dehydration

Whitney
    $800 8
Rodney King

Whitney
    $800 5
(Ellen: What is Sisters?)

Hope and Faith

EllenWhitney
    $800 20
the unicorn

Ellen
    $800 29
(Matt: What is an ostrich?)

the kiwi

Matt
Triple Stumper
    $800 23
the Cape of Good Hope

Whitney
    $800 15
to comprehend

Ellen
    $1000 7
(Ellen: Who is Mao?)

Deng Xiaoping

Ellen
Triple Stumper
    $1000 6
(Ronnie) Dunn

Matt
    $1000 21
Pavlov

Triple Stumper
    $1,000 30
(Whitney: What is a boobie?)

the spoonbill

Whitney
    $1000 24
Oporto

Triple Stumper
    $1000 16
prehensile

Ellen

Scores at the first commercial break (after clue 15):

Ellen Whitney Matt
$1,200 $3,000 $1,200

Scores at the end of the Jeopardy! Round:

Ellen Whitney Matt
$4,800 $4,200 $600

Double Jeopardy! Round responses

COUNTY CULTURE
BALLPARK FRANKS
I CAN PREDICT THE FUTURE
EGGS-QUISITE
BOOK BY CHARACTERS
A "BACH" OF CLUES
    $400 17
William Faulkner

Triple Stumper
    $400 1
Frank Robinson

Matt
    $400 11
Mars

Whitney
    $400 12
poached

Ellen
    $400 5
Gone With the Wind

Ellen
    $400 26
Gorbachev

Matt
    $800 18
Madison county

Ellen
    $800 2
the Washington Senators

Triple Stumper
    $800 19
the Pac-10

Whitney
    $800 13
an omelette

Ellen
    $800 6
Doctor Zhivago

Ellen
    $2,000 23
(Whitney: Who are chicken workers?)

coalminers

Whitney
    $1200 3
Frank Thomas

Triple Stumper
    $1200 20
the Kyoto Protocol

Matt
    $1200 14
a soufflé

Matt
    $1200 7
Ulysses

Matt
    $1600 24
(Whitney: What is Emma?)

Sense and Sensibility

EllenWhitney
    $1600 4
the Angels

Ellen
    $1600 21
the sun

Ellen
    $1600 15
quiche

Ellen
    $1600 8
Of Mice and Men

Matt
    $2000 25
Osage

Ellen
    $2000 10
Frankie Frisch

Triple Stumper
    $2000 22
uranium

Whitney
    $2000 16
zabaglione

Triple Stumper
    $2000 9
(Whitney: What is Portrait of a Lady?)
(Ellen: What is Brideshead Revisited?)

Wuthering Heights

EllenWhitney
Triple Stumper
    $1,000 27
(Matt: [No Answer])
[The end-of-round signal sounds]

Mount Suribachi

Matt

Scores at the end of the Double Jeopardy! Round:

Ellen Whitney Matt
$14,400 $1,800 $5,600
(lock game)

[wagering suggestions for these scores]

Final Jeopardy! Round responses

MUSIC & MOVIE SUPERSTARS
WhitneyWho are Streisand and Cher?
$1,795
MattWho are Jane Fonda
$1,000
EllenWho are Streisand and W. Houston?
$3,000
Barbra Streisand & Cher

Final scores:

Ellen Whitney Matt
$11,400 $3,595 $4,600
2-day champion: $37,000 3rd place: $1,000 2nd place: $2,000

Game dynamics:

Coryat scores:

Ellen Whitney Matt
$14,400 $4,800 $6,600
23 R,
3 W
12 R,
4 W
(including 2 DDs)
9 R,
2 W
(including 1 DD)

Combined Coryat: $25,800

[game clues] [game scores] [suggest correction]

Game tape date: 2010-09-22
The J! Archive is created by fans, for fans. Scraping, republication, monetization, and malicious use prohibited; this site may use cookies and collect identifying information. See terms. The Jeopardy! game show and all elements thereof, including but not limited to copyright and trademark thereto, are the property of Jeopardy Productions, Inc. and are protected under law. This website is not affiliated with, sponsored by, or operated by Jeopardy Productions, Inc. Join the discussion at JBoard.tv.